000 00879cam a2200277 a 4500
001 483
005 20230428123354.0
008 920219s1994 caua j 000 1 eng
020 _a0152896120 :
_c$13.95
040 _aDLC
_cDLC
_dDLC
050 0 0 _aPZ7.F8373
_bTo 1994
082 0 0 _a823
_220
100 1 _aFox, Mem,
_d1946-
245 1 0 _aTough Boris /
_cMem Fox ; illustrated by Kathryn Brown.
250 _a1st ed.
260 _aSan Diego :
_bHarcourt Brace Jovanovich,
_c1994.
300 _a 16 leaves of plates :
_bcolor illustrations:
_c26 cm.
505 _aD
520 _aAlthough he is a very tough pirate, Boris von der Borch cries when his parrots dies.
521 _a260
_bLexile
521 _aD
_bRaz-Plus
650 1 _aPirates
_xFiction.
700 1 _aBrown, Kathryn,
_d1955-
_eill.
906 _a7
_bcbc
_corignew
_d1
_eocip
_f19
_gy-gencatlg
942 _2ddc
_cBK
_n0
999 _c483
_d483